| 000 | 00812nam a2200241Ia 4500 | ||
|---|---|---|---|
| 003 | OSt | ||
| 005 | 20220926020323.0 | ||
| 006 | a|||||r|||| 00| 0 | ||
| 007 | ta | ||
| 008 | 220923b |||||||| |||| 00| 0 eng d | ||
| 020 |
_a0415220785 _c2843.9699999999998 |
||
| 037 |
_b5116, 30/09/2013, RAJKIRAN BOOK AGENCY _cGeneral Book |
||
| 040 |
_aRTL _cRTL _beng |
||
| 041 |
_2eng _aeng |
||
| 082 | _aY73(Q7).49G.N9, P0/TD1 | ||
| 100 |
_aJALAL Ayesha _914282 |
||
| 245 | 0 |
_aSelf and sovereignty _b Individual and community in South Asian Islam since 1850 |
|
| 260 |
_aNew York _bRoutledge _c2000 |
||
| 300 |
_axxi, 630p _ccm. |
||
| 650 | _aSociology | ||
| 942 |
_hY73(Q7).49G.N9, P0/TD1 _cGB _2CC |
||
| 999 |
_c633975 _d633975 |
||